Estadísticas para Personajes de Ficción por Imagen - A

Haz click aquí para intentar la prueba.

Estadísticas generales

  • Esta prueba ha sido intentada 121 veces
  • La puntuación promedio es 12 de 20

Estadísticas de respuestas

Respuesta% Correcto
Aladdin
99%
Ariel
96%
Anna
93%
Alvin
87%
Alicia
86%
Aquaman
86%
Apu Nahasapeemapetilon
85%
Ash Ketchum
79%
Asterix
76%
Anakin Skywalker
68%
Albus Dumbledore
65%
Aurora
56%
Aragorn
46%
Aslan
46%
Ace Ventura
42%
Arthur
41%
Austin Powers
39%
Atreus
24%
Apolo
20%
Andy Dufresne
14%

Distribución de puntuación

Porcentaje por número respondido

Porcentaje de gente con cada puntuación

Historial de tus puntuaciones

No has intentado esta prueba.